[Event "St Petersburg-ch Seniors Rapid (Women)"]
[Site "St Petersburg"]
[Date "2022.10.04"]
[Round "6"]
[White "Chernikova, Svetlana"]
[Black "Saunina, Ludmila"]
[Result "0-1"]
[WhiteElo "1908"]
[BlackElo "1867"]
[PlyCount "80"]
[EventDate "2022.10.03"]
[EventType "swiss (rapid)"]
[EventRounds "10"]
[EventCountry "RUS"]
[SourceTitle "EXT 2024"]
[Source "ChessBase"]
[SourceDate "2023.10.10"]
[SourceVersion "1"]
[SourceVersionDate "2023.10.10"]
[SourceQuality "1"]

1. e4 c5 2. g3 b6 3. Bg2 Bb7 4. d3 g6 5. c4 Bg7 6. Nc3 Nc6 7. Nge2 d6 8. 0-0 e6 9. f4 Nge7 10. Be3 Nd4 11. Bf2 0-0 12. Nxd4 cxd4 13. Ne2 e5 14. b4 Qd7 15. b5 f5 16. a4 Rac8 17. Qb3 Kh8 18. a5 fxe4 19. dxe4 Qc7 20. a6 Ba8 21. Rfc1 Qd7 22. Qd3 Rc7 23. Be1 Rfc8 24. Bd2 Qe6 25. Ra4 Ng8 26. h3 Nf6 27. Kh2 Nd7 28. f5 Qf7 29. Raa1 Nc5 30. Qa3 Bxe4 31. fxg6 Qxg6 32. Bb4 Bxg2 33. Kxg2 Qe4+ 34. Qf3 Qxf3+ 35. Kxf3 Rf7+ 36. Kg2 Nb3 37. Bxd6 Nxa1 38. Rxa1 Rxc4 39. Ra2 Rd7 40. Ba3 d3 0-1

[Event "St Petersburg-ch Seniors (Women)"]
[Site "St Petersburg"]
[Date "2022.09.25"]
[Round "2"]
[White "Saunina, Ludmila"]
[Black "Solomonova, Lidia"]
[Result "0-1"]
[WhiteElo "1902"]
[BlackElo "2168"]
[PlyCount "62"]
[EventDate "2022.09.24"]
[EventType "swiss"]
[EventRounds "9"]
[EventCountry "RUS"]
[SourceTitle "CBM 210 Extra"]
[Source "ChessBase"]
[SourceDate "2022.11.30"]
[SourceVersion "1"]
[SourceVersionDate "2022.11.30"]
[SourceQuality "1"]

1. d4 g6 2. Nf3 Bg7 3. c4 c5 4. e3 d6 5. Nc3 cxd4 6. exd4 Bg4 7. Be2 Nc6 8. Be3 Nf6 9. 0-0 0-0 10. h3 Bxf3 11. Bxf3 Rc8 12. Rc1 a6 13. b3 Qa5 14. Qd2 Rfe8 15. d5 Ne5 16. Be2 Ned7 17. Rb1 Qc7 18. Rfc1 Qb8 19. b4 Ne5 20. c5 e6 21. dxe6 Rxe6 22. f4 Nc6 23. Bc4 d5 24. Nxd5 Nxd5 25. Bxd5 Rxe3 26. Bxc6 Qxf4 27. Bxb7 Bd4 28. Kh1 Rxh3+ 29. gxh3 Qxd2 30. Bxc8 Be5 31. Kg1 Bg3 0-1

[Event "Cheliabinsk Panchenko Memorial op-B"]
[Site "Cheliabinsk"]
[Date "2021.09.20"]
[Round "9"]
[White "Maslova, Veronika"]
[Black "Saunina, Ludmila"]
[Result "1-0"]
[WhiteElo "1413"]
[BlackElo "2016"]
[PlyCount "89"]
[EventDate "2021.09.13"]
[EventType "swiss"]
[EventRounds "10"]
[EventCountry "RUS"]
[SourceTitle "CBM 204 Extra"]
[Source "ChessBase"]
[SourceDate "2021.11.30"]
[SourceVersion "1"]
[SourceVersionDate "2021.11.30"]
[SourceQuality "1"]

1. e4 g6 2. d4 Bg7 3. c4 d6 4. Nc3 Nc6 5. Be3 e5 6. d5 Nd4 7. Nge2 Nxe2 8. Bxe2 Ne7 9. g4 h6 10. h4 Bd7 11. Qd2 a6 12. f3 h5 13. gxh5 Rxh5 14. f4 Rh7 15. h5 Ng8 16. 0-0-0 gxh5 17. Rxh5 Rxh5 18. Bxh5 Nf6 19. Rh1 Nxh5 20. Rxh5 exf4 21. Bd4 Bxd4 22. Qxd4 Ke7 23. Rh6 Be8 24. Qf6+ Kd7 25. Qf5+ Ke7 26. e5 dxe5 27. Qxe5+ Kd7 28. Qf5+ Ke7 29. Ne4 f6 30. Nxf6 Qd6 31. Qe4+ Kf8 32. Nh7+ Kg7 33. Rxd6 cxd6 34. Ng5 Rc8 35. Qxf4 b5 36. b3 bxc4 37. bxc4 Rc7 38. Qg4 Kf8 39. Nh7+ Ke7 40. Kd2 Kd8 41. Qf4 Ke7 42. Qf6+ Kd7 43. Nf8+ Kc8 44. Qxd6 Kb7 45. c5 1-0

[Event "Cheliabinsk Panchenko Memorial op-B"]
[Site "Cheliabinsk"]
[Date "2021.09.19"]
[Round "8"]
[White "Saunina, Ludmila"]
[Black "Petrukhina, Olga"]
[Result "0-1"]
[WhiteElo "2016"]
[BlackElo "2033"]
[PlyCount "80"]
[EventDate "2021.09.13"]
[EventType "swiss"]
[EventRounds "10"]
[EventCountry "RUS"]
[SourceTitle "CBM 204 Extra"]
[Source "ChessBase"]
[SourceDate "2021.11.30"]
[SourceVersion "1"]
[SourceVersionDate "2021.11.30"]
[SourceQuality "1"]

1. Nf3 d5 2. e3 Nf6 3. c4 e6 4. b3 Be7 5. Bb2 0-0 6. Be2 b6 7. 0-0 Bb7 8. Nc3 dxc4 9. bxc4 c5 10. Qc2 Nc6 11. d3 Rc8 12. Rfd1 Qc7 13. Rac1 Rfd8 14. Qb1 Qb8 15. h3 Rd7 16. Qa1 Rcd8 17. Rd2 Nb4 18. Rcd1 Bxf3 19. gxf3 Ne8 20. Ne4 f5 21. Be5 Qb7 22. Ng3 Nc6 23. f4 Nxe5 24. fxe5 g6 25. Kh2 Ng7 26. f4 Bh4 27. Rg1 Kh8 28. Rdd1 h6 29. Rg2 g5 30. Rdg1 Rxd3 31. Bxd3 Rxd3 32. Rd1 Rxe3 33. Nf1 Ra3 34. Nd2 gxf4 35. Nb3 Qf3 36. Rd7 Bg3+ 37. Kh1 Rxa2 38. Qg1 Qxb3 39. Qf1 Rxg2 40. Kxg2 Qc2+ 0-1

[Event "Cheliabinsk Panchenko Memorial op-B"]
[Site "Cheliabinsk"]
[Date "2021.09.18"]
[Round "6"]
[White "Saunina, Ludmila"]
[Black "Eidelson, Rakhil"]
[Result "1/2-1/2"]
[WhiteElo "2016"]
[BlackElo "1935"]
[PlyCount "51"]
[EventDate "2021.09.13"]
[EventType "swiss"]
[EventRounds "10"]
[EventCountry "RUS"]
[SourceTitle "CBM 204 Extra"]
[Source "ChessBase"]
[SourceDate "2021.11.30"]
[SourceVersion "1"]
[SourceVersionDate "2021.11.30"]
[SourceQuality "1"]

1. d4 Nf6 2. c4 c5 3. d5 d6 4. Nc3 g6 5. Bg5 Bg7 6. Nf3 0-0 7. e3 Na6 8. h3 Nc7 9. Be2 a6 10. a4 b6 11. 0-0 Rb8 12. e4 h6 13. Be3 Nfe8 14. Nd2 f5 15. exf5 gxf5 16. f4 Bd7 17. Qc2 Nf6 18. Rfd1 Qe8 19. Kh2 b5 20. axb5 axb5 21. Ra7 Qc8 22. Bf3 bxc4 23. Nxc4 Nb5 24. Nxb5 Rxb5 25. Rda1 Rb7 26. R1a3 1/2-1/2

[Event "Cheliabinsk Panchenko Memorial op-B"]
[Site "Cheliabinsk"]
[Date "2021.09.17"]
[Round "5"]
[White "Darmaeva, Nomina"]
[Black "Saunina, Ludmila"]
[Result "0-1"]
[WhiteElo "1767"]
[BlackElo "2016"]
[PlyCount "126"]
[EventDate "2021.09.13"]
[EventType "swiss"]
[EventRounds "10"]
[EventCountry "RUS"]
[SourceTitle "CBM 204 Extra"]
[Source "ChessBase"]
[SourceDate "2021.11.30"]
[SourceVersion "1"]
[SourceVersionDate "2021.11.30"]
[SourceQuality "1"]

1. e4 g6 2. d4 Bg7 3. Nf3 d6 4. Nc3 a6 5. a4 b6 6. Bd3 Bb7 7. 0-0 Nd7 8. Re1 e6 9. Bg5 Ne7 10. Qd2 h6 11. Bxe7 Qxe7 12. Nd5 Qd8 13. Ne3 0-0 14. c3 c5 15. d5 e5 16. g3 Nf6 17. Nh4 Bc8 18. Nhg2 Ng4 19. f3 Nxe3 20. Nxe3 f5 21. exf5 gxf5 22. Ng2 Qf6 23. Rf1 h5 24. f4 Bh6 25. Qd1 h4 26. fxe5 Qxe5 27. gxh4 Qxd5 28. b3 Qe5 29. Bc4+ Kg7 30. Bd5 Ra7 31. Qf3 Kh7 32. Rae1 Qf6 33. Re2 Rg7 34. Kh1 Bd7 35. Rfe1 f4 36. Re6 Qf5 37. Be4 Bxe6 38. Bxf5+ Bxf5 39. c4 Bg4 40. Qd3+ Bf5 41. Qd5 Bh3 42. Qd3+ Bf5 43. Qc3 Rfg8 44. Qf3 Rxg2 45. Qxg2 Rxg2 46. Kxg2 Kg7 47. Re7+ Kf6 48. Ra7 Be4+ 49. Kf2 a5 50. Ra6 Ke6 51. Ra7 f3 52. h3 Bf4 53. Rg7 Be5 54. Rg4 Bd4+ 55. Kg3 Bb7 56. Rg6+ Kf7 57. Rg4 f2 58. Rf4+ Kg6 59. Rf8 Kg7 60. Rxf2 Bxf2+ 61. Kxf2 d5 62. Kg3 dxc4 63. bxc4 Bc6 0-1

[Event "Cheliabinsk Panchenko Memorial op-B"]
[Site "Cheliabinsk"]
[Date "2020.09.13"]
[Round "7"]
[White "Saunina, Ludmila"]
[Black "Bezverhaya, Marina"]
[Result "1-0"]
[WhiteElo "2130"]
[BlackElo "1792"]
[PlyCount "67"]
[EventDate "2020.09.07"]
[EventType "swiss"]
[EventRounds "9"]
[EventCountry "RUS"]
[SourceTitle "CBM 198 Extra"]
[Source "ChessBase"]
[SourceDate "2020.11.30"]
[SourceVersion "1"]
[SourceVersionDate "2020.11.30"]
[SourceQuality "1"]

1. d4 d5 2. c4 c6 3. Nf3 e6 4. Qc2 f5 5. Bf4 Nf6 6. e3 Bd6 7. Nc3 Ne4 8. Bd3 0-0 9. 0-0 b6 10. Rab1 Bb7 11. b4 Qc7 12. Bxd6 Qxd6 13. Ne5 Nd7 14. f4 Qe7 15. c5 b5 16. a4 a6 17. Ra1 Nxc3 18. Qxc3 Nxe5 19. dxe5 Qd7 20. Qd4 Rfd8 21. Ra2 Qc7 22. Rfa1 Kf7 23. Rc2 Rdc8 24. Rac1 Rd8 25. h3 g6 26. Kh2 Rg8 27. g4 Rg7 28. Ra1 Rgg8 29. Rg2 Qe7 30. Qb2 h5 31. gxh5 gxh5 32. Rag1 Qh4 33. Bxf5 Rgf8 34. Rg7+ 1-0

[Event "Cheliabinsk Panchenko Memorial op"]
[Site "Cheliabinsk"]
[Date "2019.09.12"]
[Round "4"]
[White "Solozhenkina, Elizaveta"]
[Black "Saunina, Ludmila"]
[Result "1-0"]
[WhiteElo "2324"]
[BlackElo "2143"]
[PlyCount "69"]
[EventDate "2019.09.09"]
[EventType "swiss"]
[EventRounds "9"]
[EventCountry "RUS"]
[SourceTitle "EXT 2020"]
[Source "ChessBase"]
[SourceDate "2019.10.17"]
[SourceVersion "1"]
[SourceVersionDate "2019.10.17"]
[SourceQuality "1"]

1. e4 e6 2. d4 d5 3. Nc3 Nf6 4. Bg5 Be7 5. e5 Nfd7 6. h4 c5 7. Bxe7 Kxe7 8. dxc5 Nc6 9. Nf3 Ndxe5 10. Nxe5 Nxe5 11. Qe2 f6 12. 0-0-0 d4 13. Kb1 Nc6 14. f4 Qa5 15. Nb5 a6 16. Nxd4 Qxc5 17. Nxc6+ Qxc6 18. Rh3 Bd7 19. Rc3 Qb6 20. Qg4 g6 21. Bc4 Rac8 22. Rcd3 Rc7 23. Bb3 a5 24. a4 Rhc8 25. h5 Rg8 26. f5 Bc8 27. fxe6 Rc6 28. Qf4 Rxe6 29. Bxe6 Bxe6 30. Qh6 Rc8 31. Qxh7+ Kf8 32. hxg6 Bg8 33. g7+ Kf7 34. Rd7+ Ke6 35. Qe4# 1-0

[Event "Cheliabinsk Panchenko Memorial op"]
[Site "Cheliabinsk"]
[Date "2019.09.09"]
[Round "1"]
[White "Gabrielian, Artur"]
[Black "Saunina, Ludmila"]
[Result "0-1"]
[WhiteElo "2466"]
[BlackElo "2143"]
[PlyCount "83"]
[EventDate "2019.09.09"]
[EventType "swiss"]
[EventRounds "9"]
[EventCountry "RUS"]
[SourceTitle "EXT 2020"]
[Source "ChessBase"]
[SourceDate "2019.10.17"]
[SourceVersion "1"]
[SourceVersionDate "2019.10.17"]
[SourceQuality "1"]

1. e4 e6 2. d4 d5 3. Nd2 c5 4. Ngf3 cxd4 5. Nxd4 Nc6 6. Bb5 Bd7 7. Nxc6 Bxc6 8. Bxc6+ bxc6 9. c4 Nf6 10. Qa4 Qd7 11. e5 Ng4 12. Nf3 g6 13. cxd5 exd5 14. 0-0 c5 15. Qc2 Rc8 16. h3 Nh6 17. e6 fxe6 18. Ne5 Qb5 19. a4 Qb7 20. a5 Qb5 21. Qc3 Nf5 22. Nxg6 d4 23. Qe1 hxg6 24. Qxe6+ Ne7 25. Qf6 Rh7 26. Re1 Rc6 27. Qe5 Rf7 28. Ra3 Kd7 29. Bg5 Rf5 30. Qg3 c4 31. Bc1 Re6 32. Rxe6 Kxe6 33. Qc7 Nd5 34. Qc8+ Kf7 35. Rg3 Ne7 36. Qc7 Qc5 37. Qd7 Qxa5 38. Kh2 Qe1 39. Bg5 Qe5 40. f4 Qe4 41. Qxa7 d3 42. Qa4 0-1

[Event "Eurasia Cup op"]
[Site "Ekaterinburg"]
[Date "2019.08.08"]
[Round "8"]
[White "Saunina, Ludmila"]
[Black "Fonyak, Marina"]
[Result "1/2-1/2"]
[WhiteElo "2199"]
[BlackElo "1743"]
[PlyCount "122"]
[EventDate "2019.07.31"]
[EventType "swiss"]
[EventRounds "9"]
[EventCountry "RUS"]
[SourceTitle "CBM 191 Extra"]
[Source "ChessBase"]
[SourceDate "2019.09.30"]
[SourceVersion "1"]
[SourceVersionDate "2019.09.30"]
[SourceQuality "1"]

1. c4 Nf6 2. Nc3 d5 3. cxd5 Nxd5 4. g3 e5 5. Bg2 Be6 6. Nf3 Nc6 7. 0-0 Be7 8. d3 0-0 9. Bd2 h6 10. a3 a5 11. Na4 b5 12. Nc3 b4 13. Na4 Qd7 14. Qc1 Qd6 15. e4 Nb6 16. Nxb6 cxb6 17. Be3 Rab8 18. d4 Nxd4 19. Nxd4 Rbc8 20. Qd2 exd4 21. Qxd4 Qxd4 22. Bxd4 Bc5 23. Bxc5 bxc5 24. axb4 axb4 25. Rfc1 c4 26. Ra4 Rb8 27. Bf1 Rfc8 28. f4 c3 29. bxc3 bxc3 30. f5 Bb3 31. Rd4 Ba2 32. Bd3 c2 33. Bxc2 Rb2 34. Rd2 Bb3 35. Bd1 Rxc1 36. Rxb2 Bxd1 37. Rb8+ Kh7 38. Kf2 Rc7 39. Ke3 Re7 40. Kf4 Bc2 41. e5 g5+ 42. fxg6+ Kxg6 43. g4 f6 44. exf6 Kxf6 45. h4 Kg7 46. Rb6 Rf7+ 47. Kg3 Be4 48. h5 Rf3+ 49. Kh4 Rf1 50. Ra6 Bd3 51. Rd6 Rh1+ 52. Kg3 Bc2 53. Rd7+ Kf6 54. Rd6+ Kg5 55. Rd5+ Kf6 56. Rd6+ Ke5 57. Rxh6 Rg1+ 58. Kh4 Bd1 59. Rg6 Rxg4+ 60. Rxg4 Bxg4 61. Kxg4 Kf6 1/2-1/2

[Event "RUS-ch Eurasia Cup op"]
[Site "Ekaterinburg"]
[Date "2018.08.10"]
[Round "9"]
[White "Popov, Mikhail"]
[Black "Saunina, Ludmila"]
[Result "1-0"]
[WhiteElo "2401"]
[BlackElo "2214"]
[PlyCount "75"]
[EventDate "2018.08.01"]
[EventType "swiss"]
[EventRounds "9"]
[EventCountry "RUS"]
[SourceTitle "CBM 185 Extra"]
[Source "ChessBase"]
[SourceDate "2018.07.29"]
[SourceVersion "1"]
[SourceVersionDate "2018.07.29"]
[SourceQuality "1"]

1. c4 Nf6 2. g3 e6 3. Bg2 d5 4. Nf3 dxc4 5. Qa4+ Nbd7 6. Qxc4 c5 7. 0-0 a6 8. Qc2 b5 9. a4 Bb7 10. Nc3 b4 11. Nb1 Rc8 12. d3 Be7 13. Nbd2 0-0 14. a5 Qc7 15. Nc4 e5 16. e4 Rfe8 17. b3 Bd6 18. Bb2 Rcd8 19. Nh4 Bc8 20. f4 exf4 21. Nxd6 Qxd6 22. Nf5 Qf8 23. gxf4 Nh5 24. e5 Re6 25. Qd1 g6 26. Nd6 Re7 27. Rc1 Ng7 28. d4 cxd4 29. Qxd4 Nb8 30. Qxb4 Be6 31. Ba3 Ra7 32. Qb6 Rad7 33. Nb7 Rxb7 34. Bxb7 Qe8 35. Rfd1 Nd7 36. Qxd8 Qxd8 37. Rc8 Qxc8 38. Bxc8 1-0

[Event "RUS-ch Eurasia Cup op"]
[Site "Ekaterinburg"]
[Date "2018.08.06"]
[Round "5"]
[White "Badmatsyrenov, Oleg"]
[Black "Saunina, Ludmila"]
[Result "1-0"]
[WhiteElo "2454"]
[BlackElo "2214"]
[PlyCount "93"]
[EventDate "2018.08.01"]
[EventType "swiss"]
[EventRounds "9"]
[EventCountry "RUS"]
[SourceTitle "CBM 185 Extra"]
[Source "ChessBase"]
[SourceDate "2018.07.29"]
[SourceVersion "1"]
[SourceVersionDate "2018.07.29"]
[SourceQuality "1"]

1. e4 e6 2. Qe2 c5 3. b3 Nc6 4. Bb2 Nf6 5. e5 Nd5 6. Nf3 f5 7. Nc3 Nc7 8. 0-0-0 b6 9. Rg1 Bb7 10. g4 Qe7 11. gxf5 exf5 12. d4 cxd4 13. Nxd4 0-0-0 14. Ncb5 Nxd4 15. Rxd4 Nxb5 16. Qxb5 Kb8 17. Bg2 Qc5 18. Qe2 Bxg2 19. Rxg2 Qc6 20. Rg1 Bc5 21. Rh4 g6 22. Rd1 h5 23. b4 Be7 24. Rhd4 Rhe8 25. Qd3 b5 26. a4 bxa4 27. b5 Qb7 28. Rxa4 Bc5 29. f4 Re6 30. Ba3 Bxa3+ 31. Rxa3 Rb6 32. Rb3 Qg2 33. Rd2 Qg1+ 34. Kb2 Qc5 35. Qd5 Qxd5 36. Rxd5 Kc8 37. c4 a6 38. Ka3 Kc7 39. Kb4 Rdb8 40. Rbd3 Rd8 41. h4 Re6 42. Kc5 axb5 43. cxb5 Kc8 44. Rd6 Rxd6 45. Rxd6 Rg8 46. Kb6 Rg7 47. Ka7 1-0

[Event "EU-chT Seniors"]
[Site "Vienna"]
[Date "2015.07.18"]
[Round "7.4"]
[White "Saunina, Ludmila"]
[Black "Pushkov, Nikolai"]
[Result "0-1"]
[WhiteElo "2157"]
[BlackElo "2301"]
[PlyCount "102"]
[EventDate "2015.07.12"]
[EventType "team-swiss"]
[EventRounds "9"]
[EventCountry "AUT"]
[SourceTitle "CBM 167 Extra"]
[Source "ChessBase"]
[SourceDate "2015.09.14"]
[SourceVersion "1"]
[SourceVersionDate "2015.09.14"]
[SourceQuality "1"]
[WhiteTeam "Russia (W)"]
[BlackTeam "Russia"]
[WhiteTeamCountry "RUS"]
[BlackTeamCountry "RUS"]

1. d4 Nf6 2. c4 e6 3. Nf3 b6 4. a3 Bb7 5. Nc3 g6 6. d5 Bg7 7. Bg5 h6 8. Bh4 exd5 9. cxd5 d6 10. e3 0-0 11. h3 Nbd7 12. Be2 g5 13. Bg3 Nc5 14. Bh2 Nfe4 15. Nxe4 Nxe4 16. Qb3 Qf6 17. Rb1 h5 18. Qd3 Rfe8 19. 0-0 Qf5 20. Rbd1 Bxb2 21. Qc2 Qf6 22. Nd4 Bxd4 23. Rxd4 Nc5 24. Bxh5 Ba6 25. Rfd1 Bb5 26. Bg3 Bd7 27. h4 Bf5 28. Qe2 Ne4 29. Qf3 gxh4 30. Bxh4 Qe5 31. Bxf7+ Kxf7 32. g4 Rg8 33. g5 Kg6 34. Rc1 Rh8 35. Bg3 Qe7 36. Rcc4 Rae8 37. Bf4 b5 38. Rb4 a5 39. Rb2 Nc3 40. Qg2 Qf7 41. f3 Nxd5 42. Kf2 c5 43. Rd1 Nxf4 44. exf4 Qe6 45. Rh1 b4 46. Rh6+ Rxh6 47. gxh6+ Kxh6 48. Qg5+ Kh7 49. Kg3 Qg6 50. Rh2+ Kg7 51. axb4 axb4 0-1

[Event "Wch Seniors (Women) 24th"]
[Site "Katerini"]
[Date "2014.11.03"]
[Round "10"]
[White "Priedite, Ingrida"]
[Black "Saunina, Ludmila"]
[Result "1/2-1/2"]
[WhiteElo "2225"]
[BlackElo "2190"]
[PlyCount "112"]
[EventDate "2014.10.24"]
[EventType "swiss"]
[EventRounds "11"]
[EventCountry "GRE"]
[SourceTitle "EXT 2015"]
[Source "ChessBase"]
[SourceDate "2014.11.20"]
[SourceVersion "1"]
[SourceVersionDate "2014.11.20"]
[SourceQuality "1"]

1. c4 e5 2. Nc3 Nf6 3. Nf3 Nc6 4. d4 exd4 5. Nxd4 Bb4 6. Nxc6 Bxc3+ 7. bxc3 bxc6 8. Ba3 d6 9. c5 d5 10. e3 Ne4 11. Qd4 0-0 12. Bd3 Re8 13. c4 Ba6 14. Bb2 Qf6 15. Bxe4 Qxd4 16. Bxh7+ Kxh7 17. Bxd4 Bxc4 18. Kd2 a5 19. a4 Reb8 20. Rhb1 f6 21. Bc3 Kg6 22. f3 Rh8 23. h3 Kf7 24. Rb7 Rhc8 25. h4 Ba6 26. Rb2 Bc4 27. h5 Ke6 28. g4 Rh8 29. Rh1 Rh7 30. f4 Kd7 31. g5 Ke6 32. Rbb1 Kf5 33. gxf6 gxf6 34. Rbg1 Bb3 35. h6 Bxa4 36. Rh5+ Ke6 37. Rg6 Rf8 38. f5+ Ke7 39. Bxa5 Kd7 40. Bc3 Ke7 41. Rh1 Bb5 42. Rhg1 Rff7 43. Ra1 Rh8 44. Ra7 Rc8 45. h7 Rxh7 46. Bxf6+ Kd7 47. Be5 Rf7 48. f6 Ke6 49. Bd4 Rh8 50. Rg7 Rh2+ 51. Kc3 Rh7 52. Ra8 Bf1 53. Re8+ Kd7 54. Reg8 Ke6 55. Rxh7 Rxh7 56. Rg7 Rh8 1/2-1/2